| 000 | 00000nas 2200000za 4500 |
| 001 | 9.802312 |
| 003 | CaOODSP |
| 005 | 20240219183348 |
| 007 | cr ||||||||||| |
| 008 | 150714c20119999xxc x mso f000#a0eng|d |
| 040 | |aCaOODSP|beng |
| 043 | |an-cn--- |
| 086 | |aD68-3E-PDF |
| 130 | 0 |aContract report (Defence R&D Canada) |
| 245 | 00|aContract report |h[electronic resource] / |cDefence Research and Development Canada. |
| 260 | |aOttawa : |bDefence Research and Development Canada, |c[2011?]- |
| 310 | |aIrregular |
| 362 | 1 |a2011- |
| 500 | |aIssued also in French under title: Rapport de contrat (Recherche et développement pour la défense Canada). |
| 692 | 07|2gccst|aArmed forces |
| 692 | 07|2gccst|aWar |
| 692 | 07|2gccst|aResearch and development |
| 710 | 2 |aDefence R&D Canada. |
| 775 | 08|tRapport de contrat / |w(CaOODSP)9.871523 |